[Event "Bundesliga 0304"]
[Site "Germany"]
[Date "2003.11.02"]
[Round "2.3"]
[White "Glek, Igor Vladimirovich"]
[Black "Rustemov, Alexander"]
[Result "1-0"]
[WhiteElo "2555"]
[BlackElo "2609"]
[Annotator "Glek,I"]
[PlyCount "89"]
[EventDate "2003.11.01"]
[EventType "team-tourn"]
[EventRounds "15"]
[EventCountry "GER"]
[SourceTitle "CBM 097"]
[Source "ChessBase"]
[SourceDate "2003.11.11"]
[SourceVersion "1"]
[SourceVersionDate "2003.11.11"]
[SourceQuality "1"]
[WhiteTeam "Katernberg"]
[BlackTeam "Wattenscheid"]
[WhiteTeamCountry "GER"]
[BlackTeamCountry "GER"]

1. e4 e6 2. d4 d5 3. Nd2 c5 4. Ngf3 cxd4 5. exd5 Qxd5 6. Bc4 Qd6 7. Qe2 Nf6 8.
Nb3 Nc6 9. Bg5 a6 10. O-O-O b5 11. Bd3 Be7 12. Kb1 Bb7 13. Nbxd4 Nxd4 14. Nxd4
Bd5 (14... O-O 15. h4 (15. Nf3) (15. Rhe1 Qxd4 $5 16. Bxh7+ Nxh7 17. Rxd4 Bxg5
18. f4 Bf6 19. Rdd1 g6 20. g4 Rac8 21. f5 exf5 22. gxf5 gxf5 23. Qd3 Be4 24.
Rxe4 fxe4 25. Qxe4 Kh8 26. a3 {1/2-1/2 Sermek,D-Naumkin,I/Porto San Giorgio
1999}) 15... Bd5 16. Rhe1 Ra7 17. g4 Qc7 18. Be3 Rb7 19. g5 Ne4 20. Bxe4 Bxe4
21. Qg4 Bd5 22. h5 Qc4 23. b3 Qc8 24. Bc1 f5 25. Qe2 Bb4 26. Bd2 Bc5 27. Bc3
Be7 28. Nxe6 Be4 29. Bxg7 Re8 30. f3 Bb4 31. fxe4 Qxe6 32. c3 Rxg7 33. cxb4
fxe4 34. Qe3 Qf5 35. h6 Rf7 36. Rd4 Qg6 37. Kb2 Rf3 38. Qe2 Rf4 39. Qc2 Qf5 40.
Re2 Rc8 41. Qd2 Qe5 42. Ka3 a5 43. bxa5 e3 44. Rd8+ Rxd8 45. Qxd8+ Rf8 46. Qb6
Re8 47. Qf6 Qc7 48. Kb2 b4 49. a6 Qd7 50. Qf4 Qe7 51. Qc4+ Kh8 52. Qd4+ {
1-0 Adams,M-Buhmann,R/Luebeck GER 2003}) (14... Qc5 15. h4 $1 $146 {White
protects his bishop and also prepares pawns attack on the kingside, in case of
Black's short castle.} O-O 16. Rhe1 {with the threats 17.Nf5 and 17.Ne6.} Rfe8
(16... Rfd8 17. Nf5 exf5 18. Qxe7 Qxe7 19. Rxe7 Bxg2 20. Rg1 Kf8 21. Re5 Be4
22. Bxe4 fxe4 23. Bxf6 gxf6 24. Rxe4 $16) 17. Nf3 {The knight goes to active
location on e5.} h6 18. Ne5 $1 {White plays Ne5 anyway, as the bishop
sacrifice is temprorar.} hxg5 19. hxg5 g6 20. gxf6 ({White doesn't have any
tactical decision:} 20. Nxf7 $2 Kxf7 21. Qxe6+ Kg7 22. gxf6+ Bxf6 23. Qg4 g5) (
20. Bxg6 $2 fxg6 21. Qd3 Ne4 22. Rxe4 Rad8 23. Rd4 Qxe5) 20... Bxf6 21. f4 $1
$40 Rad8 ({after} 21... Bxe5 22. fxe5 {White will move his rook from e1 to f6
in order to attack black pawns f7 and g6, while black bishop will not be able
to come to the kingside and protect his king.}) 22. Qg4 Bg7 (22... Qf8 {
was more resistable, but White has a way to organize a decisive attack:} 23.
Rh1 Qg7 24. Rde1 Rd4 25. Nxg6 $1 fxg6 26. Bxg6 Rb4 27. Rh7 $18) 23. Nxf7 $1
Kxf7 ({Black looses also in case of} 23... Rxd3 24. Rxd3 Qf2 25. Nh6+ Kf8 26.
Rxe6 Rxe6 27. Rd8+ Ke7 28. Re8+ Kxe8 29. Qxe6+ Kd8 30. Nf7+ Kc7 31. Qd6+ {
with mate.}) 24. Bxg6+ Kf8 25. Rxd8 {and Black resigned, because after} Rxd8
26. Qxe6 {1-0 Rozentalis,E-Luther,T/Panormo 2001/CBM 84 ext/[Rozentalis] (26)
there is no defence from Qf7 or Qe8.}) (14... O-O) 15. Nf3 (15. Rhe1 Bxa2+ 16.
Kxa2 Qxd4 17. Kb1 Qc5 18. f4 h6 (18... O-O 19. f5 Rae8 20. h4 h6 (20... Bd8 21.
Qf3) 21. Be3 Qc6 (21... Qe5 22. Qf3) (21... Qc8 22. g4 Nd5 23. g5) 22. g4 exf5
23. Bxf5 (23. g5 Bc5) 23... Nd5) 19. Qf3 Rc8 (19... O-O 20. Bh4 (20. Re5 Qc7
21. Qh3 hxg5 22. fxg5 Qxe5 23. gxf6 g6 24. fxe7 Rfe8) 20... Rfd8 21. f5 exf5
22. Bf2 Qc7 23. Bxf5 Rxd1+ 24. Rxd1 Rd8 (24... Re8)) 20. Qh3 Rd8 (20... O-O 21.
Re5 Qb4 (21... Qc6 22. Bxh6 gxh6 23. Qxh6 $18) 22. Bxh6 Nd5 23. Bh7+ Kh8 24.
Rexd5 exd5 (24... Bf6 25. Bxg7+ Kxg7 26. Rg5+ Bxg5 27. fxg5 $18)) (20... Qc7
21. f5 e5 22. Bc1 e4) 21. f5 e5 22. Be3 Qc6 23. Bc1 Rd5 (23... e4 $1 24. Bxe4
Nxe4 25. Rxd8+ Kxd8 (25... Bxd8 26. Qd3 O-O 27. Rxe4 Bf6 $11) 26. Qe3 Bd6 27.
Qxe4 (27. Qd4 Re8) 27... Qxe4 28. Rxe4 Bxh2 $17) 24. Re3 Qd6 (24... Bc5 25. Rg3
Kf8) 25. Rde1 Kf8 (25... O-O $5 26. Rg3 Rd8 27. Bxh6 (27. Rxg7+ Kxg7 28. Bxh6+
Kh8) 27... Bf8 28. Bg5 $13) 26. g4 Nh7 (26... Kg8 27. Qg3) 27. Qg3 e4 $138 (
27... Bg5 28. Rxe5 Rxe5 29. Rxe5 Nf6 30. h3 Bxc1 31. Kxc1 Kg8 32. h4) 28. Rxe4
Qxg3 29. hxg3 Rd7 30. Bf4 Nf6 31. Rxe7 Rxe7 32. Bd6 Ng8 33. c4 bxc4 34. Bxc4
Ke8 35. Bxe7 Nxe7 36. Bxa6 Kd7 37. Rd1+ Kc7 38. Bb5 Rd8 39. Rxd8 Kxd8 40. Kc2
Kc7 41. Kc3 f6 42. Be2 Kd6 (42... Nc6 43. Kc4 Kd6 44. b4 Ne5+ 45. Kb5 Nc6 46.
Bd1 Kc7 47. Kc5 Ne5 48. Be2) 43. Bf3 g6 44. fxg6 Nxg6 45. Kd4 Ne5 46. Bd1 Nc6+
47. Ke4 Ne7 48. Bb3 Kc5 49. Bf7 Kb4 50. Kd4 f5 (50... Kb5 51. b3 Kb4 52. Bc4
Nc6+ 53. Kd5 Ne5 54. Ke6 Nxg4 55. Kf5 Nf2 56. Bd5 Kc5 57. Bf3) 51. Ke5 fxg4 52.
Kf4 Nc8 (52... Nc6 53. Bg8) 53. Kxg4 Nd6 54. Be6 Ne4 55. Kf4 Nc5 (55... Nf2 56.
b3) 56. Kf5 Nd3 57. b3 (57. Kg6 Nxb2 58. Kxh6 Nd3 59. g4 Kc5 60. g5 Nf4 61. Bg4
Kd6 62. Kg7 Ke5 63. Kf7 Ke4 64. Be6 Ke5 65. Bd7 Kd6) 57... Kc3 (57... Nf2) 58.
Bc4 Nc5 $2 (58... Nf2 $142 59. Kg6 Ne4 60. g4 Nf2 61. Kf5 Kd4 62. Be6 (62. Kf4)
62... Kc3 63. Bf7 Kb4 64. Kf4 Nd3+ 65. Kg3 Ne5 66. Bc4 Kc3 $11) 59. g4 Kd4 (
59... Nd7) 60. b4 $2 (60. Kg6 $18) 60... Nb7 $2 (60... Ne4 61. Ba6 Nf2 62. Be2
Nh3 63. b5 Kc5 64. Ke4 Ng5+ 65. Kf4 Nh3+) 61. Ba6 Nd6+ 62. Kg6 $18 {1-0 Hansen,
S-Glek,I/Esbjerg 2002/[,Glek] (62)}) (15. h4 Bxa2+ 16. Kxa2 Qxd4 17. Kb1 Qc5
18. Be3 Qc7 19. h5 Rd8 20. Qf3 Nd5 21. Bd4 Qf4 22. Bxg7 Rg8 23. h6 Qxf3 24.
gxf3 f5 25. c4 Nf4 26. Bc2 bxc4 27. Rxd8+ Bxd8 28. Rd1 Kf7 29. Rd6 a5 30. Ba4
Bg5 31. Rc6 Nh5 32. Bc3 Bxh6 33. Rxc4 Ra8 34. Bc6 Rc8 35. Bxa5 Nf6 36. Bc3 Bg7
37. b3 h5 38. Be5 h4 39. b4 {1/2-1/2 Gershon,A-Bromann,T/Kavala 2003}) 15...
O-O (15... Qc6 16. Ne5 Qb7 17. f3 O-O 18. Rhe1 Rfc8 19. c3 Qc7 20. Bc2 b4 21.
Rxd5 exd5 22. Qd3 g6 23. Ng4 Nxg4 24. Rxe7 Qxh2 25. fxg4 Qxg2 26. cxb4 Rc4 27.
a3 Rxg4 28. Be3 d4 29. Bxd4 Rd8 30. Bc3 Qa8 31. Qf1 {1-0 Shaw,J-Jepson,C/
Torshavn 2003/CBM 93 ext (31)}) 16. Ne5 $146 (16. h4 b4 17. Ne5 a5 18. Rh3 Rfd8
19. Rg3 Kf8 20. Bf4 Qb6 21. Bxh7 b3 22. c4 bxa2+ 23. Kxa2 Bb7 24. Rxd8+ Rxd8
25. Bh6 gxh6 26. Qh5 Qxb2+ 27. Kxb2 Ba3+ 28. Kxa3 Nxh5 29. Rg8+ Ke7 30. Rxd8
Kxd8 31. g4 f6 32. Nf7+ Ke7 33. gxh5 Kxf7 34. Ka4 f5 35. Kxa5 Bf3 36. Bg6+ Ke7
37. Kb6 Kd7 38. Kc5 Ke7 39. Kd4 Kf6 40. Be8 e5+ 41. Kc3 f4 42. c5 Ke6 43. Kb4
e4 44. Bc6 Ke5 45. Kc3 Bxh5 46. Ba4 e3 {1/2-1/2 Illescas Cordoba,M-Rustemov,A/
Mondariz 2002}) 16... b4 17. Rhe1 Rfd8 $6 (17... Qc7 $142 18. f4 (18. Bc4 Rad8)
18... a5 19. f5 $14) 18. Bxf6 $1 Bxf6 19. Bxh7+ Kf8 (19... Kxh7 20. Qh5+ Kg8
21. Qxf7+ Kh7 22. Rd3 $18) 20. f4 $1 (20. Bd3 Qxe5 21. Qxe5 Bxe5 22. Rxe5 Bxg2
$15) (20. Ng4 Bc3 $1 21. Rxd5 $2 exd5 22. bxc3 bxc3 $19) 20... g6 (20... Bxe5
21. fxe5 Qc6 22. Bd3 (22. Rf1 Bxg2 23. Rf4 Rxd1+ 24. Qxd1 Qd5 $13) 22... Bxg2
23. Qh5 $18) 21. Bxg6 $1 $40 (21. Qg4 Bxe5 22. fxe5 Qc7 $1 23. Bxg6 (23. Rf1
Kg7 24. Bxg6 fxg6 25. Rf6 Be4 $1) 23... fxg6 24. Qxb4+ (24. Qxg6 Qg7 $17) 24...
Kg7 $15) 21... fxg6 22. Nxg6+ Kg8 (22... Kf7 23. Qh5 Kg8 (23... Kg7 24. Rd3 $5
(24. Ne5 Bxe5 25. fxe5 Qc5 26. Rd3 Bxa2+ 27. Kxa2 Qa5+ 28. Kb1 Rxd3 29. cxd3 b3
30. Qg5+ Kh7 31. Qe7+ Kh8 32. Qf6+ Kh7) (24. Qg4 Kf7 (24... Qc5 25. Ne7+ Kf8 (
25... Kf7 26. Nxd5 exd5 27. Qe6+ Kg7 28. Rd3 $18) 26. Nxd5 exd5 (26... Rxd5 27.
Qxe6 Rxd1+ 28. Rxd1 $16) 27. Qf5 Rd6 28. g4 (28. Re6 Rxe6 29. Qxe6 Bd4) 28...
Qc8 29. Qh5 (29. Rxd5 Qxf5 30. Rxf5 Re8) 29... Bg7 (29... d4 30. g5 Bg7 31. f5
$40) 30. Rxd5 (30. Re2) 30... Rxd5 31. Qxd5 $16 Bxb2 32. Qd6+ Kg8 33. Re7 $18)
25. Ne5+ (25. f5 exf5 26. Qxf5 Be6 27. Qh5 Qxd1+ 28. Rxd1 Rxd1+ 29. Qxd1 Kxg6
30. Qe1 Rd8 31. a3 Bg4 32. Ka2 (32. Qg3 Kh5 33. Ka2 Be6+ 34. b3 $13) 32... bxa3
33. Kxa3) (25. h4 Qc6 26. Qh5) (25. Qh5 $1 {- 23.Qh5}) 25... Kf8 (25... Ke7 26.
Qg6 Bxe5 27. fxe5 Qc5) 26. Qg6 Qe7) (24. g4 $2 Rh8) 24... Ra7 25. g4 (25. Rg3
Be4) (25. Ne5 Kg8 26. Qg6+ Bg7) 25... Kg8 26. g5 Bg7 27. Qe2 Qc5 (27... Rad7
28. f5 (28. h4 Qc5) 28... exf5 29. Ne7+) 28. f5 (28. h4 Rad7 29. f5 exf5 30.
Ne7+ Kf8 31. Nxf5 Bf7 32. Rxd7 Rxd7) 28... exf5 29. Ne7+ Rxe7 (29... Kf8 $2 30.
Nxd5) 30. Qxe7 Qxe7 31. Rxe7 f4 32. Re1 Kf7 33. h4 $16) 24. f5 $1 (24. Rd3 Ra7
$11) (24. Qg4 Kf7 25. Qh5 $11) 24... e5 (24... exf5 25. Qxf5 Re8 (25... Qc6 26.
Qg4 Kf7 27. Ne5+ $18) 26. Rf1 $18) 25. g4 (25. Rd3 e4) 25... Qd7 (25... Rac8
26. g5 Rxc2 27. gxf6 Rxh2 28. f7+ Kxf7 (28... Kg7 29. Rxd5 Qxd5 30. Qxh2 Qd3+
31. Qc2 $18) 29. Nh4+ Ke7 30. Rxd5 Qxd5 31. Ng6+ Kf6 32. Qxh2 Qd3+ 33. Qc2 $18)
26. g5 (26. b3 Rac8 27. Nxe5 Qh7 (27... Qg7 28. Qg6 Qxg6 29. Nxg6 Bf3 30. Rd3
Rxd3 31. cxd3 Rd8 32. g5 Bc3 33. Re3 Bg4 34. h4 $13)) (26. Nxe5 $2 Bxe5 27.
Rxe5 Bxa2+ 28. Ka1 (28. Kxa2 Qa4+ 29. Kb1 Rxd1#) 28... Qxd1+ 29. Kxa2 Qd7 30.
Re6 Qa4+) 26... Qxf5 27. Nh4 Bf7 28. Qxf7+ Kxf7 29. Nxf5 Rxd1+ (29... Bxg5 $44)
30. Rxd1 Bxg5 31. Nd6+ Ke6 32. Ne4 Bf4 $44) 23. Qg4 Bg7 $6 (23... Kf7 24. Qh5 {
-22...Kf7}) (23... Ra7 24. Rxd5 $1 exd5 25. Ne7+ $18) 24. Rxd5 $1 $18 exd5 25.
Ne7+ Kf7 (25... Kh8 26. Re6 $18) (25... Kf8 26. Re6 $18) 26. Qh5+ (26. Nf5 Qf6
27. Nxg7 (27. Re7+ Kf8 28. Rxg7 Re8 29. Kc1 Qe6 $16)) 26... Kf8 27. Qh7 $1 Qxe7
(27... Kf7 28. Nf5 Qf6 (28... Qg6 29. Re7+) (28... Qf8 29. Nh6+ Kf6 30. Qf5#)
29. Re7+ Kf8 30. Rxg7 $18) 28. Rxe7 Kxe7 29. Qxg7+ Kd6 30. Qd4 Rab8 (30... a5
31. Qb6+ Ke7 32. f5 Re8 33. Kc1 Kd7 34. f6 $18) 31. Qf6+ Kc5 32. Qxa6 b3 $138
33. Qa5+ Kc6 34. Qc3+ Kd6 35. axb3 Re8 36. b4 Rbc8 37. Qd2 Re4 38. c3 Rce8 39.
Ka2 d4 40. cxd4 Re3 41. b5 Ra8+ 42. Kb1 Rb3 43. Qe2 Kd5 44. Qe5+ Kc4 45. Qc5+
1-0

[Event "Capablanca Memorial Elite 53rd"]
[Site "Havana"]
[Date "2018.05.10"]
[Round "2"]
[White "Bruzon Batista, Lazaro"]
[Black "Shankland, Samuel L"]
[Result "0-1"]
[WhiteElo "2664"]
[BlackElo "2671"]
[Annotator "Golubev,M"]
[PlyCount "106"]
[EventDate "2018.05.09"]
[EventType "tourn"]
[EventRounds "10"]
[EventCountry "CUB"]
[EventCategory "16"]
[SourceTitle "CBM 185"]
[Source "ChessBase"]
[SourceDate "2018.07.13"]
[SourceVersion "1"]
[SourceVersionDate "2018.07.13"]
[SourceQuality "1"]

1. e4 e6 2. d4 d5 3. Nd2 c5 4. exd5 Qxd5 5. dxc5 ({A more often used move is} 
5. Ngf3) 5... Nf6 6. Ngf3 Qxc5 (6... Bxc5 {is playable as well:} 7. Bd3 ({
another important line is} 7. Bc4 Qc6 $5) 7... O-O 8. Qe2 (8. O-O b6 9. Nb3 $5)
8... Nbd7 9. Ne4 b6 10. Nxc5 Qxc5 (10... Nxc5 $5) 11. Be3 Qc7 12. Bd4 Bb7 13.
O-O-O Nc5 $5 14. Be5 Nxd3+ 15. Rxd3 (15. Qxd3 $11) 15... Qc4 $132 16. Nd4 Be4
$1 17. Re3 (17. Rg3 Qxe2 18. Nxe2 $11) 17... Qxa2 18. Bxf6 Bg6 $1 19. Ra3 Qd5
20. h4 $2 (20. Be5 f6 $1) 20... gxf6 21. h5 Qxd4 22. hxg6 hxg6 23. Rah3 f5 $17
{Kasparov-Anand, Reggio Emilia 1991/92.}) 7. Bd3 $1 Nbd7 8. O-O Qc7 {Black is
extremely solid.} 9. Re1 $5 Be7 (9... Nc5 $5 10. Bb5+ $140 Bd7) 10. Ne4 b6 $5
11. Nxf6+ (11. g3 Bb7 12. Bf4 Qc8 13. Nxf6+ Nxf6 14. Bb5+ Bc6 15. Bxc6+ Qxc6
16. Ne5 Qb7 17. c4 O-O 18. Qf3 Qxf3 19. Nxf3 $11 {Naiditsch-Svane, Basel 2015})
(11. Nd4 $5) 11... Nxf6 (11... Bxf6 12. Ng5 Nc5 13. Bb5+ Bd7 14. Bxd7+ Qxd7 15.
Qxd7+ Nxd7 16. Ne4 Be7 17. Bf4 {(Naiditsch-Zhao Jun, Danzhou 2014) was
marginally better for White.}) 12. Ne5 (12. Bd2 $5 O-O 13. Bc3 $11) 12... O-O
13. Qf3 ({More ambitious but no better objectively than} 13. Bf4 Bd6 14. Qe2
$11) 13... Bd6 ({Even simpler than} 13... Bb7 14. Qh3 Rfd8 15. Bg5 Rd5 $1 16.
Bxf6 Bxf6 17. Qxh7+ (17. Ng4 Bxb2 $5) 17... Kf8 18. f4 Rd4 $44 {
Fridman-Bluebaum, ch-GER Verden an der Aller 2014.}) 14. Qg3 Bb7 15. Bh6 $2 {
A serious mistake.} ({The correct move was} 15. b3 $11) 15... Nh5 16. Qg5 f5 $1
17. Qxh5 Bxe5 18. Bc1 $17 {And White got a clearly worse position. Still,
Shankland almost allowed his opponent to escape in the further play.} Rf6 $5
19. Bf1 Rg6 $5 20. c3 Rd8 $6 21. Bg5 $1 Rd5 (21... Rf8 $1) 22. Rad1 b5 $5 23.
h4 (23. Rxd5 $5 Bxd5 24. g3 ({But} 24. Bxb5 {is riskier:} Bxg2 $1 25. Be8))
23... Bh2+ 24. Kh1 Bf4 (24... Bd6 $1 {is preferable}) 25. Kg1 $6 (25. Bxf4 Qxf4
26. Kg1 $1 $11) 25... a6 $6 26. a3 $6 ({Again missing a good opportunity:} 26.
Bxf4 Qxf4 27. b3 $1 $11 ({rather than} 27. Re3 $6 Qh6 28. Qxh6 Rxd1 $3)) 26...
Bxg5 (26... Bd6 $5) 27. hxg5 Qe7 28. Rd4 $6 ({White had to play} 28. Qh2) 28...
Rxd4 29. cxd4 Qd8 $1 {A precise move. Black obtains a big advantage again.} (
29... Rxg5 $2 {wouldn't work well because of} 30. Rxe6 $1 $11) 30. Qh2 Bd5 $1
$17 31. Rc1 ({If} 31. f4 h6 $1) 31... Rxg5 32. Qe5 h5 33. Rc3 Rg4 34. f3 Rg6
35. Qf4 h4 36. Kf2 Qf6 37. Rc8+ Kh7 38. Rc7 Rh6 $6 ({A strong hidden idea was} 
38... h3 $1 $19 39. gxh3 $140 e5 $3 40. Qxe5 (40. dxe5 Qb6+) 40... Qh4+ 41. Ke2
Re6) 39. Ke3 $6 h3 $1 40. gxh3 Rh4 41. Qe5 Qg5+ 42. Kf2 Qd2+ ({Playing for an
attack,} 42... Rh6 $1 {was more or less crushing, but this is a difficult move
to make.}) 43. Be2 Qxd4+ 44. Qxd4 Rxd4 $17 {Despite all omissions, Black has a
healthy extra pawn in the endgame.} 45. Ke3 Rh4 46. Bf1 Kg6 47. b4 ({A more
stubborn try would have been} 47. f4 $5) 47... f4+ 48. Kf2 Rh8 $1 49. Ra7 Ra8
50. Rc7 Kf6 51. Bd3 g5 52. Be2 Rb8 53. Bd3 Rb6 0-1

[Event "World Cup"]
[Site "Khanty-Mansiysk"]
[Date "2007.11.28"]
[Round "2.2"]
[White "Adams, Michael"]
[Black "Gurevich, Mikhail"]
[Result "1-0"]
[WhiteElo "2729"]
[BlackElo "2627"]
[Annotator "Grivas,E"]
[PlyCount "57"]
[EventDate "2007.11.24"]
[EventType "k.o."]
[EventRounds "7"]
[EventCountry "RUS"]
[SourceTitle "CBM 122"]
[Source "ChessBase"]
[SourceDate "2008.01.30"]
[SourceVersion "1"]
[SourceVersionDate "2008.01.30"]
[SourceQuality "1"]

1. e4 e6 2. d4 d5 3. Nd2 c5 4. Ngf3 cxd4 5. exd5 Qxd5 6. Bc4 Qd8 (6... Qd6 {
is more common, but Mikhail Gurevich likes to explore rare lines.}) 7. O-O Nc6
8. Nb3 a6 ({Black alternatives are: a)} 8... Bd7 9. Nbxd4 Nxd4 10. Qxd4 Bc6 11.
Qe3 Qc7 12. Ne5 Bd6 13. Nxc6 bxc6 14. h3 $14 {Lipp,M-Bockius,A/Mainz 1995.}) ({
b)} 8... e5 $2 9. Re1 $1 f6 (9... Bd6 10. Nbxd4 Nge7 11. Nb5 Bb8 12. Qxd8+ Nxd8
13. Nxe5 $16 {Leick,C-Hemmerling,F/Germany 1992}) (9... Qe7 10. Nbxd4 Bg4 11.
Nxc6 bxc6 12. h3 Rd8 13. Qe2 Bxf3 14. Qxf3 $18 {Rezek,A-Kanceljak,D/Pula 2000})
10. Nfxd4 $16 {Fuentes,A-Carrion,W/Florida Valle 1993.}) ({c)} 8... Be7 9. Qe2
Nf6 10. Rd1 Qc7 11. Nbxd4 Nxd4 12. Nxd4 a6 13. Bg5 O-O 14. Bh4 (14. Re1 Kh8 15.
Rad1 b5 16. Bd3 $14 {Foerster,R-Schmehl,T/Bad Zwesten 2006}) 14... Ne8 15. Bxe7
Qxe7 16. Rd3 Nd6 17. Bb3 $14 {Purdy,C-Martelli,R/Siegen 1970.}) 9. Qe2 ({
Probably the most dangerous set-up for Black. White wishes to place his rook
on d1, pressing Black's queen along the d-file. Not much is offered by} 9.
Nbxd4 Nxd4 10. Nxd4 (10. Qxd4 Qxd4 11. Nxd4 b5 12. Be2 Bb7 {Feher,G-Chernin,A/
Hungary 2003}) 10... Qc7 11. Qe2 Nf6 12. Nf3 (12. Bg5 Bd7 13. Nf3 Bd6 14. Rfe1
O-O-O $13 {1/2-1/2 Szuk,B-Beliavsky,A/Hungary 1997}) 12... Bd6 13. Re1 b5 14.
Bd3 Bb7 15. a4 b4 16. Ne5 O-O $11 {Ponomariov,R-Chernin,A/Bled 1999}) ({or} 9.
Bf4 Bd6 10. Qd2 Nge7 11. Nbxd4 Bxf4 12. Qxf4 Nxd4 13. Nxd4 Ng6 14. Qe3 Qe7 15.
Nb3 O-O 16. Rad1 Bd7 17. Rd2 {1/2-1/2 Nisipeanu,L-Gurevich,M/Port Barcares
2005.}) 9... b5 $6 ({This early expansion cannot be good as it weakens Black's
queenside. Modest but sensible seems to be} 9... Bd6 10. Rd1 Nge7 11. Nbxd4
Nxd4 12. Rxd4 $1 $14 (12. Nxd4 Qc7 13. Bg5 $13 {Acs,P-Tolnai,T/Budapest 1996.})
) 10. Bd3 Nf6 11. Rd1 Be7 12. Nbxd4 Nxd4 13. Nxd4 Qc7 14. c3 Bc5 $6 ({Black
was not keen on} 14... O-O 15. a4 $1 b4 16. cxb4 Bxb4 17. Bg5 $16 {but
probably he could not afford anything different. Moving the same piece twice
before you complete your development is not advisable.}) 15. Bg5 $1 ({Now} 15.
a4 $6 {is not working:} Bxd4 16. cxd4 bxa4 17. Rxa4 Bb7 $13 {.}) 15... Bb7 $6 (
{Maybe Black had to try} 15... Bxd4 16. cxd4 Nd5 (16... Bb7 17. Bxf6 gxf6 18.
Be4 Rc8 19. Bxb7 Qxb7 20. d5 $16) 17. Rac1 Qd6 18. Bh4 $1 O-O 19. Bg3 $16 {
and hope.}) 16. Bxf6 gxf6 17. Be4 $1 {Exchanging Black's most dangerous piece
is a welcome strategy. At the same time white's rook route to the kingside 
(Rd3-g3/h3) is prepared.} Bxe4 ({If Black tries to castle queenside with} 17...
O-O-O {then} 18. b4 Bd6 (18... Bxd4 19. cxd4 Kb8 20. a4) 19. a4 $1 {will ruin
his defence.}) 18. Qxe4 O-O 19. Qh4 $1 Rfd8 ({Black is forced to give-up his
valuable f-pawn:} 19... f5 20. Qg5+ Kh8 21. Qf6+ Kg8 22. Rd3 f4 23. Rh3 $18) (
19... Be7 20. Rd3 f5 21. Qh6 Bd6 22. Rh3 $18 {.}) 20. Qxf6 $6 ({More precise
was} 20. Rd3 $1 Rd5 21. Rh3 h5 22. Qxf6 $18 {.}) 20... Bf8 21. Rd3 Bg7 22. Qg5
(22. Rg3 $2 Qxg3 23. Qxd8+ Rxd8 24. hxg3 Bxd4 25. cxd4 Rxd4 $11 {was too naive
for a player of Adams calibre.}) 22... Qe5 23. Qg4 Rd6 24. Rg3 Rc8 25. Qh4 Kh8
({Although Black faces too many problems (pawn down, weak king) he should put
up a more stubborn defence with} 25... Rd7 $5 26. a3 Kh8 $16 {.}) 26. Qe7 $1 {
White's queen penetration will prove decisive.} Qc5 ({I think that Black's
last chance was} 26... Qd5 27. Qxf7 Bxd4 28. cxd4 Qxd4 29. h3 Qxb2 30. Re1 $16
{.}) 27. Re1 ({Also good is} 27. Rd3 Bxd4 28. cxd4 Qc1+ 29. Rd1 Qc7 30. Qf6+
Kg8 31. Qg5+ Kh8 32. Rd3 $16 {.}) 27... Rf8 $6 (27... Bxd4 {was forced:} 28.
cxd4 Qxd4 29. Qxf7 Qe5 30. Rge3 Qxb2 31. Rxe6 Rxe6 32. Qxe6 $16 {.}) 28. Nxe6 (
{Although the text-move wins,} 28. Rxg7 $1 Kxg7 29. Re3 {finishes the game in
style.}) 28... Qe5 (28... Rxe6 29. Rxe6 fxe6 30. Qxg7# {.}) 29. Rge3 $1 {
A painful defeat for Gurevich as he had to pack and return back home. His
opening handling needs to be re-examined.} 1-0